000 00858nam a2200265Ia 4500
005 20220317000738.0
008 160601s2005 ve g 000 0 spa
020 _a9802933023
100 1 _aColfer, Eoin
245 1 0 _aArtemis Fowl
_bencuentro en el Ártico
_cEoin Colfer ; traducción Ana Alcaina
250 _a1a. edición
300 _a319 páginas
_c18 cm
650 1 4 _2LEMB
_aNovela irlandesa
_vSiglo XX
650 1 4 _2LEMB
_aLiteratura irlandesa
_ySiglo XX
650 1 4 _2LEMB
_aMagia en la literatura
650 1 4 _2LEMB
_aHadas en la literatura
700 1 _aAlcaina, Ana
_etraductor
_953862
942 _2loc
_cBKLIT
264 _aCaracas
_bMontena
_c2005
336 _atexto
_btxt
_2rdacontent
337 _asin mediación
_bn
_2rdamedia
338 _avolumen
_bnc
_2rdacarrier
040 _aCO-BoRNBP
_bspa
_erda
_cCO-BoRNBP
084 _aN COL9
999 _c4938
_d4938